| 000 | 00502cam a2200205 a 4500 | ||
|---|---|---|---|
| 020 | _a9788957860861 (set) | ||
| 020 | _a895786086X (set) | ||
| 020 | _a9788957860885 | ||
| 020 | _a8957860886 | ||
| 040 | _cCoU | ||
| 082 | _a915 YOU 2005 A105 Or. | ||
| 245 | 0 | 0 | _aHaetʻo muryŏp / |
| 250 | _aChʻopʻan. | ||
| 260 |
_aSŏul-si : _bYŏnʼgŭk kwa Inʼgan, _c2005. |
||
| 300 |
_a429 p. ; _c23 cm. |
||
| 650 | 0 | _aKorean drama | |
| 650 | 0 | _aKorean drama | |
| 700 | 1 | _aKim, Chae-sŏk, | |
| 942 | _cEK | ||
| 999 |
_c16049 _d16049 |
||